00301nam a2200121Ia 4500008004100000041000800041082001600049100001700065245004500082260001900127300002400146365000900170240624s9999 xx 000 0 und d aeng a658.421 MUN aMUNOZ J MARK aINTERNATIONAL SOCIAL ENTREPRENEURSHIP PA c2010bNew York a200 : p. : cm. ; 25 cb25